LEADER 01106nam1-2200361---450- 001 990003443150203316 005 20100917111551.0 035 $a000344315 035 $aUSA01000344315 035 $a(ALEPH)000344315USA01 035 $a000344315 100 $a20100917d2007----km-y0itay50------ba 101 $aita 102 $aIT 105 $aa---||||001yy 200 1 $aBiologia della cellula, biologia dei tessuti$fa cura di Roberto Colombo ed Ettore Olmo 210 $aMilano$cEdi-Ermes$d2007 215 $a2 v.$cill.$d31 cm 463 \1$1001990003443180203316$12001 $aBiologia dei tessuti 463 \1$1001990003443210203316$12001 $aBiologia della cellula 606 0 $aCellule$xTessuti$2BNCF 676 $a571 702 1$aCOLOMBO,$bRoberto$f<1945- > 702 1$aOLMO,$bEttore 801 0$aIT$bsalbc$gISBD 912 $a990003443150203316 951 $a571 BIO/$c571 959 $aBK 969 $aSCI 979 $aANGELA$b90$c20100917$lUSA01$h1115 979 $aANNAMARIA$b90$c20121219$lUSA01$h0946 996 $aBiologia della cellula, biologia dei tessuti$91108307 997 $aUNISA